000 01567cam a2200385 i 4500
001 18826539
003 NUST
005 20220726133546.0
008 151021s2015 nyu 001 0 eng
010 _a 2015040860
020 _a978-1-47361-378-2(hardback)
040 _aDLC
_beng
_cDLC
_erda
_dDLC
042 _apcc
050 0 0 _aBF575.F14
_bS94 2015
082 0 0 _a158.1, SYE
_223
084 _aBUS085000
_aBUS041000
_2bisacsh
100 1 _aSyed, Matthew.
_995215
245 1 0 _aBlack box thinking :
_bwhy most people never learn from their mistakes-but some do /
_cMatthew Syed.
264 1 _aNew York, New York :
_bPortfolio/Penguin,
_c[2015]
300 _axi, 322 pages ;
_c24 cm
336 _atext
_2rdacontent
337 _aunmediated
_2rdamedia
338 _avolume
_2rdacarrier
505 _aPart I: The Logic of Failure (Page-1), Part II: Cognitive Dissonance (Page-67),Part III: Confronting Complexity (Page133-),Part IV: Small Steps and Giant Leaps (Page-181),Part V: The Blame Game (Page-229),Part VI: Creating a Growth Culture (Page-267).
650 0 _aFailure (Psychology)
_995216
650 0 _aErrors.
_995217
650 0 _aSuccess.
650 0 _aOrganizational behavior.
650 7 _aBUSINESS & ECONOMICS / Organizational Behavior.
_2bisacsh
_913715
650 7 _aBUSINESS & ECONOMICS / Management.
_2bisacsh
_913714
856 4 2 _3Cover image
_u9781591848226.jpg
906 _a7
_bcbc
_corignew
_d1
_eecip
_f20
_gy-gencatlg
942 _2ddc
_cBK
999 _c590643
_d590643